اقتصاديات الهندسة المالية الاطار النظرى والتطبيقى لانشطة التمويل والاستثمار/
تعد استجابة منطقية لما لقيتة شقيقتها الكبرى التى بدأ ظهور أعدادها الأولى عام 1997 من الترحال والتشجيع المقرونين بالدعوة الى زيادة مساحة العلم فى إصدرات السلسله الى اقصى حد ممكن....
Saved in:
| 主要作者: | |
|---|---|
| 格式: | 图书 |
| 语言: | 阿拉伯语 |
| 出版: |
الاسكندرية:
دار الفكر الجامعى،
2019.
|
| 主题: | |
| 标签: |
添加标签
没有标签, 成为第一个标记此记录!
|
MARC
| LEADER | 00000nam a2200000 4500 | ||
|---|---|---|---|
| 003 | INP | ||
| 005 | 20200829170413.0 | ||
| 008 | 180114s2019 ua ||||| |||| 00| 0 ara d | ||
| 952 | |0 0 |1 0 |4 0 |6 332_660000000000000_م___أ |7 0 |9 20034 |a INP |b INP |c MAIN |d 2020-03-05 |l 0 |o 332.66 م . أ |p 021050 |r 2022-03-28 00:00:00 |w 2020-03-05 |y BK | ||
| 999 | |c 16310 |d 16310 | ||
| 017 | |a 2019/1740 |b الاسكندرية ، دار الفكر الجامعى | ||
| 020 | |a 9789773795153 | ||
| 040 | |a EG-INP |b ara |c EG-INP | ||
| 082 | |2 21 |a 332.66 |b م . أ | ||
| 100 | 1 | |a توفيق، محب خلة | |
| 245 | 1 | 0 | |a اقتصاديات الهندسة المالية الاطار النظرى والتطبيقى لانشطة التمويل والاستثمار/ |c محب خلة توفيق |
| 260 | |a الاسكندرية: |b دار الفكر الجامعى، |c 2019. | ||
| 300 | |a 421 ص: |b ورقى . |c 26 سم. | ||
| 520 | |a تعد استجابة منطقية لما لقيتة شقيقتها الكبرى التى بدأ ظهور أعدادها الأولى عام 1997 من الترحال والتشجيع المقرونين بالدعوة الى زيادة مساحة العلم فى إصدرات السلسله الى اقصى حد ممكن. | ||
| 650 | 7 | |2 qrmak |a التمويل الادارى | |
| 650 | 7 | |2 qrmak |a السياسة المالية | |
| 650 | 7 | |2 qrmak |a التمويل المصرفى. | |
| 650 | 7 | |2 qrmak |a الاستثمار | |
| 901 | |a INP1 | ||
| 902 | |a egpv34 | ||
| 903 | |a original | ||
| 942 | |2 ddc |c BK | ||